000 00270nam a22001217a 4500
008 230704b xxu||||| |||| 00| 0 eng d
082 _a341.33
_bMFA
100 _cMFA
245 _aDiplomatic and Consular Conventions
260 _bMFA
300 _a63p
942 _2ddc
_cBK
999 _c3749
_d3749